000 00596nam a22002417a 4500
003 UA-OsUOA
001 31873
007 ta
008 20050113b un ||||| |||| 00| 0 ukr d
100 _aОрлов А. С.
090 _a94(477)(092)
_bО-66
942 _cBK
040 _aUA-OsUOA
_brus
_cUA-OsUOA
_dUA-OsUOA
245 _aСлово о полку Игореве
300 _a175 с.
955 _a0
041 _arus
080 _a94(477)(092)
260 _aМосква
_bИзд-во Академии Наук СССР
_c1938
044 _aRU
650 7 _2UDC
999 _c318308
_d318308